00822nam a2200241Ia 4500001000600000003000900006008004100015040001300056040001300069041001300082100002100095100002900116245006100145245006500206250001100271260001100282260001800293260004900311300005900360500010600419650002400525650003100549G8627IT-RoPAU130308s9999 xx 000 0 und d aIT-RoPAU cIT-RoPAU aITALIANO aMininni Giuseppe gCodice Aut. SPICS: 3714 aDel sè come se altro. Semiotica e psicologia culturale bIncontri di Culture. La Semiotica tra Frontiere e Traduzioni a1a ed. aTORINO bUtet Libreria c2001 [1° Ed.:2001 - Ed.Ling.Originale:2001] a"10 p. (prefazione: no ; testo: 10 [pagine: 114-123])" aPer un'altra Psicologia. vie Alla Psicologia Culturale. Testi di Identita'E Alterità del Self Talk. aSAGGI DI SEMIOLOGIA eCodice materia Spics: 3257